000 00325nam a2200133 i 4500
001 bg
100 1 _aPIJANLEVIC, A. N.
245 0 _aProsvecivajuscaja elektronnaja mikroskopija /
_cA.N. Pijanlevic.
260 _aKiev,
_c1975.
040 _cBPK
041 _apol
942 _cKS
008 s pl f |000 0 pol
999 _c16403
_d16403
856 _uhttp://koha.tu.koszalin.pl/cgi-bin/koha/opac-detail.pl?biblionumber=16403
_yKatalog online BPK